[Event "GER Cup Net V3 U1600"]
[Site "Playchess.com INT"]
[Date "2020.05.27"]
[Round "7"]
[White "Dietz, Helena"]
[Black "Badrinarayanan, Harini"]
[Result "1-0"]
[WhiteElo "1898"]
[BlackElo "1757"]
[PlyCount "56"]
[EventDate "2020.05.27"]
[EventType "swiss (blitz)"]
[EventRounds "9"]
[EventCountry "GER"]
[SourceTitle "EXT 2021"]
[Source "ChessBase"]
[SourceDate "2020.10.23"]
[SourceVersion "1"]
[SourceVersionDate "2020.10.23"]
[SourceQuality "1"]

1. d4 e5 2. dxe5 Nc6 3. Nf3 Qe7 4. Bg5 Qb4+ 5. Nc3 Qxb2 6. Bd2 Nb4 7. Nd4 c6 8. e4 Qa3 9. Bc4 b5 10. Bb3 Bb7 11. 0-0 0-0-0 12. Bc1 Qa5 13. a4 Na6 14. Bd2 b4 15. Ncb5 Qb6 16. Be3 cxb5 17. Nxb5 Bc5 18. Nd6+ Kb8 19. Nxb7 Qxb7 20. Bd5 Qc8 21. Bf4 Nc7 22. Bxf7 Ne6 23. Bxe6 dxe6 24. Qe2 Ne7 25. Rab1 a5 26. Qb5+ Ka8 27. Qxa5+ Ba7 28. Qxb4 Qxc2 1-0

[Event "GER Cup Net V2 U1600"]
[Site "Playchess.com INT"]
[Date "2020.05.22"]
[Round "1"]
[White "Dietz, Helena"]
[Black "Hausmann, Heiko"]
[Result "1-0"]
[WhiteElo "1944"]
[BlackElo "1502"]
[PlyCount "113"]
[EventDate "2020.05.22"]
[EventType "swiss (blitz)"]
[EventRounds "9"]
[EventCountry "GER"]
[SourceTitle "EXT 2021"]
[Source "ChessBase"]
[SourceDate "2020.10.23"]
[SourceVersion "1"]
[SourceVersionDate "2020.10.23"]
[SourceQuality "1"]

1. d4 d5 2. Bf4 Nf6 3. e3 c6 4. Nd2 Bf5 5. Ngf3 e6 6. Be2 Bd6 7. Bg3 Qc7 8. c3 h6 9. 0-0 0-0 10. Ne5 Nbd7 11. Ndf3 Bg4 12. Nxg4 Nxg4 13. Bd3 Bxg3 14. hxg3 Ngf6 15. Bc2 Ne4 16. Bxe4 dxe4 17. Nd2 Nf6 18. Qc2 Qb6 19. b3 a5 20. Nxe4 Nd5 21. a4 Rac8 22. Nc5 Qc7 23. e4 Nf6 24. Rfe1 b6 25. Nd3 c5 26. dxc5 bxc5 27. Nb2 c4 28. Nxc4 Rfd8 29. Rad1 Qa7 30. Rd3 Rxd3 31. Qxd3 Qc5 32. Rd1 Ng4 33. Qd4 Qc6 34. f3 Nf6 35. Nxa5 Qa8 36. Nc4 Qb8 37. b4 Qc7 38. Nd6 Rd8 39. c4 Rxd6 40. Qxd6 Qxc4 41. Qd4 Qc2 42. b5 Nh5 43. Qd2 Qc4 44. Qd4 Qc2 45. b6 Qb3 46. a5 Nxg3 47. Qf2 Qxd1+ 48. Kh2 Nh5 49. b7 Qd6+ 50. g3 Qc7 51. a6 Qb8 52. f4 Qa7 53. Qxa7 Nxf4 54. b8Q+ Kh7 55. Qxf4 e5 56. Qfxf7 h5 57. Qxg7# 1-0

[Event "GER Cup Net V2 U1600"]
[Site "Playchess.com INT"]
[Date "2020.05.22"]
[Round "8"]
[White "Dietz, Helena"]
[Black "Klemens, Peter"]
[Result "1-0"]
[WhiteElo "1870"]
[BlackElo "1640"]
[PlyCount "65"]
[EventDate "2020.05.22"]
[EventType "swiss (blitz)"]
[EventRounds "9"]
[EventCountry "GER"]
[SourceTitle "EXT 2021"]
[Source "ChessBase"]
[SourceDate "2020.10.23"]
[SourceVersion "1"]
[SourceVersionDate "2020.10.23"]
[SourceQuality "1"]

1. d4 d5 2. Bf4 c6 3. e3 Nf6 4. Nd2 Bf5 5. Ngf3 e6 6. Be2 Bd6 7. 0-0 Qc7 8. Ne5 Nbd7 9. Ndf3 0-0 10. c3 Ne4 11. Nxd7 Qxd7 12. Nh4 Bg6 13. Nxg6 hxg6 14. Bd3 Nf6 15. Qf3 Bxf4 16. Qxf4 Qd8 17. f3 Qb6 18. Rf2 c5 19. Re1 cxd4 20. exd4 Rad8 21. g4 Qa5 22. Bb1 b5 23. a3 Qb6 24. h4 a5 25. Qh2 b4 26. axb4 axb4 27. h5 gxh5 28. g5 Nh7 29. Bxh7+ Kxh7 30. Qxh5+ Kg8 31. Rh2 f6 32. g6 bxc3 33. Qh7# 1-0

[Event "GER Cup Net V1 U1600"]
[Site "Playchess.com INT"]
[Date "2020.05.19"]
[Round "3"]
[White "Dietz, Helena"]
[Black "Burkart, Lloyd Shang"]
[Result "1-0"]
[WhiteElo "1620"]
[BlackElo "1783"]
[PlyCount "71"]
[EventDate "2020.05.19"]
[EventType "swiss (blitz)"]
[EventRounds "9"]
[EventCountry "GER"]
[SourceTitle "EXT 2021"]
[Source "ChessBase"]
[SourceDate "2020.10.23"]
[SourceVersion "1"]
[SourceVersionDate "2020.10.23"]
[SourceQuality "1"]

1. d4 Nf6 2. Bf4 b6 3. e3 e6 4. Nd2 Be7 5. Bd3 Bb7 6. Ngf3 0-0 7. h3 c5 8. c3 Nc6 9. 0-0 Rc8 10. Qe2 h6 11. Bh2 d5 12. Ne5 Nxe5 13. Bxe5 Nd7 14. Bh2 Bf6 15. Nf3 Qe7 16. Rad1 Rfd8 17. Bb1 e5 18. dxe5 Nxe5 19. Nxe5 Bxe5 20. Qc2 g6 21. Qa4 Bc6 22. Qg4 Kg7 23. Kh1 h5 24. Qe2 Re8 25. f4 Bf6 26. Rde1 a5 27. f5 Bh4 28. fxg6 fxg6 29. Qc2 Qe6 30. Re2 Bb5 31. Be5+ Kg8 32. Rf6 Bxf6 33. Qxg6+ Kf8 34. Bxf6 Qf7 35. Qh6+ Kg8 36. Qh8# 1-0

[Event "GER Cup Net V1 U1600"]
[Site "Playchess.com INT"]
[Date "2020.05.19"]
[Round "4"]
[White "Dietz, Helena"]
[Black "Ruddat, Jarne"]
[Result "1-0"]
[WhiteElo "1620"]
[BlackElo "1573"]
[PlyCount "45"]
[EventDate "2020.05.19"]
[EventType "swiss (blitz)"]
[EventRounds "9"]
[EventCountry "GER"]
[SourceTitle "EXT 2021"]
[Source "ChessBase"]
[SourceDate "2020.10.23"]
[SourceVersion "1"]
[SourceVersionDate "2020.10.23"]
[SourceQuality "1"]

1. d4 d5 2. Bf4 Nf6 3. e3 e6 4. Nd2 c5 5. c3 Nc6 6. Ngf3 Bd6 7. Bg3 c4 8. Be2 0-0 9. 0-0 b5 10. Qc2 a5 11. e4 dxe4 12. Nxe4 Bxg3 13. hxg3 Bb7 14. Nc5 Rb8 15. a4 b4 16. Bxc4 bxc3 17. bxc3 Nd5 18. Rab1 Ba8 19. Rxb8 Qxb8 20. Rb1 Qc7 21. Ng5 g6 22. Ngxe6 f6 23. Nxc7 1-0